El adefesio: fábula del amor y las vieja

Salvato in:
Dettagli Bibliografici
Autore principale: Alberti, Rafael (autor)
Natura: Libro
Lingua:spagnolo
Pubblicazione: Buenos Aires Losada 1944
Serie:Biblioteca Contemporánea
Soggetti:
Tags: Aggiungi Tag
Nessun Tag, puoi essere il primo ad aggiungerne!!

MARC

LEADER 00000cam a2200000 a 4500
001 UCY8306
003 CL-VaPUC
008 950703e19440000AG |||||||||||||||||spa|d
082 0 4 |a 862  |b ALB  |2 21 
100 |a Alberti, Rafael  |e autor  |9 267868 
245 1 3 |a El adefesio: fábula del amor y las vieja 
300 |a 121 p 
942 |c BK 
945 |d 19950703 00:00:00  |a rbrito 
260 |a Buenos Aires  |b Losada  |c 1944 
650 0 |a Drama español  |9 265098 
583 |a last modification  |c 20130822 05:59:55  |k Rodrigo Vera 
490 0 |a Biblioteca Contemporánea 
999 |c 235575  |d 235573 
952 |0 0  |1 0  |4 0  |6 862_000000000000000_ALB_1944  |7 0  |8 A  |9 243098  |a BIBEDU  |b BIBEDU  |d 2019-11-18  |i 3096874  |o 862 ALB 1944  |p 3096874  |r 2019-11-18  |w 2019-11-18  |y BK  |k LIT 
952 |0 0  |1 0  |3 erb  |4 0  |6 862_000000000000000_ALB_1944  |7 0  |8 A  |9 243099  |a BIBEDU  |b BIBEDU  |d 2019-11-18  |i 4997662  |o 862 ALB 1944  |p 4997662  |r 2019-11-18  |w 2019-11-18  |y BK  |z Catalogado en:20130829  |k LIT